| 000 | 00324 a2200133 4500 | ||
|---|---|---|---|
| 001 | 66559 | ||
| 082 | _a629.1323 COO | ||
| 090 |
_c38554 _d38554 |
||
| 100 | _aCook, M.V | ||
| 245 | _aFlight Dynamics Principles | ||
| 260 |
_aLondon _bArnold _c1997 |
||
| 300 |
_axvii, 379 p. _bphotocopy |
||
| 500 | _aBE textbook Avionics | ||
| 942 |
_aNUST-CAE _k629.1323 COO |
||
| 999 |
_c301632 _d301632 |
||